Представление документа в формате RUSMARC

ПолеНазваниеЗначение
  Тип записи a
  Библиографический уровень m
001 Контрольный номер UONB/MAIN/90c0030ca08b49f9a43b214c0a61877c
005 Дата корректировки 20250616171422.3
010 Индекс ISBN __
9 Тираж 21000 экз.
a ISBN 5-10-001419-9
100 Данные общей обработки __
a Данные общей обработки 20250616d1989 u y0rusy0189## ca
101 Язык документа 0_
a Язык текста rus
102 Страна публикации __
a Страна публикации RU
105 Кодированные данные (монография) __
a Кодированные данные (монография) a j 001yy
200 Заглавие и сведения об ответственности 1_
a Заглавие Эксплуатация сельскохозяйственной техники зимой
f Первые сведения об ответственности В. И. Цуцоев
203 Вид содержания и тип средства __
a Вид содержания Текст
b Характеристика содержания визуальный
c Тип средства непосредственный
210 Выходные данные 1_
a Место издания Москва
c Издательство Агропромиздат
d Дата издания 1989
215 Физическое описание __
a Объем 125, [2] с.
c Иллюстрации/тип воспроизводства ил.
d Формат 22 см
225 Серия 1_
a Серия ПК : Учебные пособия для повышения квалификации специалистов
300 Общие примечания __
a Общие примечания На обл. загл. сер.: ПК : Повышение квалификации
320 Библиография __
a Библиография Предм. указ.: с. 123-126
606 Тематические рубрики 0_
a Основная рубрика Сельскохозяйственные машины и орудия
x Основная подрубрика Эксплуатация при низких температурах
j Формальный подзаголовок Учебники и пособия
610 Ключевые слова 0_
a Ключевые слова автотехника сельская; машины сельскохозяйственные; механизация сельского хозяйства; агротехника; автомобили сельскохозяйственного назначения; техника сельскохозяйственная
686 Индексы других классификаций __
a Классификационный индекс 40.72-082
2 Код системы rubbk
700 Автор _1
a Фамилия Цуцоев
b Имя (инициалы) В. И.
g Полное личное имя Владимир Иванович
801 Источник записи _0
a Страна RU
b Организация Ульяновская ОНБ
c Дата составления 20250616
g Правила каталогизации RCR
801 Источник записи _1
a Страна RU
b Организация Ульяновская ОНБ
c Дата составления 20250616
g Правила каталогизации RCR
901 Тип документа __
t Тип документа m
909 Создатель записи __
a Создатель записи Макушик
b Дата создания записи 20250616